=LDR 00000nam 2200000 4500 =001 INLIS000000000006990 =005 20251119111137 =035 ##$$a 0010-1125000864 =007 ta =008 251119###########################0#ind## =082 ##$$a 363.96 =084 ##$$a 363.96 BAD p =245 1#$$a Pemantapan Lini Lapangan Di Kabupaten Dati II Purworejo Propinsi Jawa Tengah : $b - /$c Badan Koordinasi Keluarga Berencana Nasional =260 ##$$a Purworejo :$b Badan Koordinasi Keluarga Berencana Nasional,$c 1990 =300 ##$$a 19 hal : $b ilus ; $c 21 cm =650 #4$$a Keluarga Berencana =110 #$$a Badan Koordinasi Keluarga Berencana Nasional =856 ##$$a Perpustakaan Kemendukbangga